000 00287nam a2200121Ia 4500
005 20251222141833.0
008 251222s9999||||xx |||||||||||||| ||spa||
082 _a379.248.5/O31
100 _aOchoa Pezo, Edgar Américo
245 0 _aAyar:
264 _bComunidad de Madrid
942 _cLIB
999 _c7172
_d7172